| 000 | 00499nam a2200181Ia 4500 | ||
|---|---|---|---|
| 008 | 240925s9999 xx 000 0 und d | ||
| 020 | _a70991596 | ||
| 082 | _a530.076 BUE | ||
| 100 | _aBueche , Fredrick . J | ||
| 245 | 0 | _aSchaums Outline Series Theory and Problems of College Physics | |
| 250 | _a8th | ||
| 260 |
_aNew Delhi: _bScientific International _c,1989. |
||
| 300 |
_a384p. _bNA _fPirated |
||
| 500 | _aNA | ||
| 600 | _aHumanities & Natural Science | ||
| 650 | _aPhysics | ||
| 942 | _cBK | ||
| 999 |
_c3069 _d3069 |
||